1213 1639 1624 1040 1433 1007 1188 1895 1538 1167 1014 1591 1129 1257 1712 1487 1953 1449 1481 1408 1361 1622 1649 1329 1272 1227 1125 1294 1374 1833 1670 1010 1446 1198 1950 1842 1021 1860 1981 1857 1685 1539 1903 1065 1384 1362 1218 1676 1832 1591 1479 1091 1897 1171 1140 1129 1112 1636 1502 1292 1599 1940 1027 1480 1488 1641 1504 1469 1684 1276 1669 1649 1074 1797 1986 1462 1745 1401 1015 1631 1953 1472 1003 1857 1581 1511 1539 1030 1445 1190 1918 1014 1052 1433 1297 1573 1335 1706 1986 BCNSPRNW ULIB Ver.6.0+V

เปลี่ยนเป็นภาษาไทย

Change to English
 แสดงรายละเอียดบรรณานุกรม
  กลับหน้าหลัก

Brief Record : Get Marc (ISO 2709) : E-mail record : QR code < ปิดหน้าต่าง
LEADER : 00000nam 2200000uu 4500
001    13399111601
003     ULIB
008    110627s||||||||th 000 0 tha d
020    9786167081571
090    นว.^bบ826ส 2553
100 0  เบลล์ซาซ่า
245 00 เสน่ห์ร้อนลิขิตรัก/^cเบลล์ซาซ่า
250    พิมพ์ครั้งที่ 1
260    กรุงเทพฯ :^bสมาร์ทบุ๊ค,^c2553
300    432 หน้า
945    ^p280^l0^i028038
995    ทศพร
999 ^a ใช้งานได้ทุกระบบ
รายการนี้ยังไม่มีแท็ก
คุณยังไม่ได้ล็อกอิน คุณสามารถมีกิจกรรมร่วมกับเว็บไซต์ได้ แต่ต้องล็อกอินก่อน ::
  ล็อกอิน

รายการสื่อสารสนเทศ

ลำดับที่ ประเภท เลขเรียก/บาร์โค้ด สถานที่ สถานะ
- ไม่พบข้อมูล -

รายการใกล้เคียง
    ผู้แต่ง [เบลล์ซาซ่า]

BibComment


ยังไม่เคยถูกคอมเมนท์

คอมเมนท์ทรัพยากรรายการนี้
  คอมเมนท์: เสน่ห์ร้อนลิขิตรั..


 Copyright 2026. Bcnsprnw @Library